Name The Most Populous... Quiz Stats

 Plays Quiz Updated Sep 28, 2012

Challenge
Share
Tweet
Embed
Score 0/20 Timer 03:00
0 Plays Today
The most populous... Answer % Correct
Country in the European UnionGermany
93.6%
City in TexasHouston
82.5%
Country in NATOUSA
79.6%
National Capital in North AmericaMexico City
76.5%
City in AfricaCairo
74%
City in Oceania (metro)Sydney
71.1%
City in ScandinaviaStockholm
70%
Province in CanadaOntario
68.4%
City in ScotlandGlasgow
66.2%
City in New ZealandAuckland
63.2%
The most populous... Answer % Correct
Country in Arab worldEgypt
59.6%
City in the Southern HemisphereSao Paulo
50.9%
City in the Northern HemisphereTokyo
46.8%
National capital in South America (metro)Buenos Aires
43.1%
Country in CommonwealthIndia
42.3%
Country in AfricaNigeria
42.3%
US state capitalPhoenix
36.6%
City in PakistanKarachi
36.5%
Country on the EquatorIndonesia
34.3%
State in IndiaUttar Pradesh
11.7%

You're not logged in!

Compare scores with friends on all Sporcle quizzes.
Join for Free
OR
Log In

You Might Also Like...

Show Comments

Extras

Top Quizzes Today


Score Distribution

Your Account Isn't Verified!

In order to create a playlist on Sporcle, you need to verify the email address you used during registration. Go to your Sporcle Settings to finish the process.

Report this User

Report this user for behavior that violates our Community Guidelines.

Details: